| 000 | 01518aam a2200301 i 4500 | ||
|---|---|---|---|
| 999 |
_c36406 _d36406 |
||
| 001 | 768714001 | ||
| 003 | CO-MdFUSB | ||
| 005 | 20200811135259.0 | ||
| 007 | ta | ||
| 008 | 200811t2000 ck |||| |||| 00| 0 spa d | ||
| 020 | _a9589359221 | ||
| 040 |
_bspa. _aCO-MdFUSB _cCO-MdFUSB _dCO-MdFUSBC _erda |
||
| 041 | _aspa | ||
| 082 | 0 | 4 |
_223 _a251.04 _bP6351p |
| 100 | 1 |
_aPike, Wentworth _eautor |
|
| 245 | 1 | 0 |
_aPreparando sermones : _btomados de la biblia _c/ Wentworth Pike |
| 264 | 1 |
_aBogotá, Colombia : _bAcción, _c[2000] |
|
| 264 | 4 | _c© 2000 | |
| 300 |
_a197 Páginas _c; 21 cm |
||
| 336 |
_atexto _btxt _2rdacontent |
||
| 337 |
_2rdamedia _asin mediación _bn |
||
| 338 |
_2rdacarrier _avolumen _bnc |
||
| 505 | _aBosquejo del sermón. -- El regalo más importante. -- Avivamiento en nuestra época. -- El evangelio. -- cuatro preguntas. -- Renovación de la mente. -- Cultivando una actitud de. -- Un obrero aprobado por Dios. -- ¿Qué fue lo que realmente? -- ¿Vas por el oro? -- Un propósito de corazón. -- "La alegría es la bandera" -- La persona cuya vida Dios bendice. -- Cuando la salvación llega a. -- La salvación mediante la. -- Justificación gratuitamente por. -- La obra de Dios hecha a la. -- Amor verdadero. -- Jesús responde a nuestra. -- Guerra espiritual. -- La oración de Ana. -- La oración del Rey David. -- La oración de Salomón. -- La oración de Elías. -- La oración de Nehemías. | ||
| 563 | _aRústico | ||
| 650 | 0 |
_954 _aPredicación |
|
| 942 | _cBK | ||
| 945 | _aJTF-925 | ||